000 00908nam0a22002531 4500
001 rc\2189384
005 20110829163934.9
035 _a(NLR Aleph) 006484025
090 _a6063360
_c6063360
100 _a20110829d1979 |||y0rusy50 ca
101 0 _arus
102 _aRU
105 _ay z |||||
200 1 _aЕдиные теории поля: прошлое и настоящее
_eК столетию со дня рождения А. Энштейна
_eДокл. прочит. на юбил. сессии АН АрмССР. 27 марта 1979 г.
210 _aЕреван
_cЕФИ
_d1979
215 _a19 с.
_d21
225 1 _a[Научное сообщение]
_fЕреван. физ. ин-т
_v18 (360)
320 _aБиблиогр.: с. 19
700 1 _aМатинян
_bС. Г.
801 0 _aRU
_bNLR
_gpsbo
801 1 _aRU
_bELAR
_2rusmarc
852 _aNLR
_jП7/1433
942 _cBOOK
980 _aNB